LEADER 01660nam 2200373 n 450 001 996387052303316 005 20221107143931.0 035 $a(CKB)1000000000628518 035 $a(EEBO)2240896988 035 $a(UnM)99839100 035 $a(EXLCZ)991000000000628518 100 $a19901127d1606 uy | 101 0 $aeng 135 $aurbn||||a|bb| 200 12$aA short introduction of grammar$b[electronic resource] $egenerally to be vsed: compiled and set forth for the bringing vp of all those that intended to attaine the knowledge of the Latine tongue 210 $aLondon $cPrinted by Iohn Norton, printer to the Kings most excellent Maiestie in Latine, Greeke, and Hebrue$d1606 215 $a[272] p 300 $aBy William Lily, with contributions by John Colet, Thomas Robertson, and others. 300 $aIn two parts. 300 $aPart 2 has a separate title page, reading "Brevissima institutio, seu ratio grammatices cognoscendæ, ad omnium puerorum vtilitatem præscripta. Quam solam Regia Maiestatis in omnibus scholis profitendam præcipit. Excusum Londini typis Joh. Norton, .. 1606"; register is separate. 300 $aSignatures: A-E [2d]A-K L⁴ M N⁴. 300 $aReproduction of the original in the Bodleian Library. 330 $aeebo-0014 606 $aLatin language$xGrammar$vEarly works to 1800 615 0$aLatin language$xGrammar 700 $aLily$b William$f1468?-1522.$0841046 801 0$bCu-RivES 801 1$bCu-RivES 801 2$bCStRLIN 801 2$bWaOLN 906 $aBOOK 912 $a996387052303316 996 $aA short introduction of grammar$92317971 997 $aUNISA LEADER 02098oam 2200685 450 001 9910709881703321 005 20211006120710.0 035 $a(CKB)5470000002473436 035 $a(OCoLC)891572248 035 $a(EXLCZ)995470000002473436 100 $a20140929d1929 ua 0 101 0 $aeng 135 $aurbn||||||||| 181 $ctxt$2rdacontent 182 $cc$2rdamedia 183 $acr$2rdacarrier 200 10$aAdditions to the flora of the Green River Formation /$fby Roland W. Brown 210 1$a[Washington, D.C.] :$c[Department of the Interior, U.S. Geological Survey],$d[1929] 210 2$a[Washington, D.C.] :$c[Government Printing Office] 215 $a1 online resource (279-292 pages, 6 plates) 225 1 $a[Professional paper] ;$v[154-J] 225 1 $aShorter contributions to general geology ;$v1928 320 $aIncludes bibliographical references. 517 3 $aShorter contributions to general geology, 1928 606 $aPaleobotany$zGreen River Formation 606 $aPaleobotany$yEocene 606 $aPaleobotany$zColorado 606 $aPaleobotany$zUtah 606 $aPaleobotany$zWyoming 606 $aEocene Geologic Epoch$2fast 606 $aPaleobotany$2fast 607 $aUnited States$zGreen River Formation$2fast 607 $aColorado$2fast 607 $aUtah$2fast 607 $aWyoming$2fast 608 $aOnline resources. 615 0$aPaleobotany 615 0$aPaleobotany 615 0$aPaleobotany 615 0$aPaleobotany 615 0$aPaleobotany 615 7$aEocene Geologic Epoch. 615 7$aPaleobotany. 700 $aBrown$b Roland W$g(Roland Wilbur),$f1893-1961,$01389891 712 02$aGeological Survey (U.S.), 801 0$bCOP 801 1$bCOP 801 2$bOCLCO 801 2$bOCLCF 801 2$bOCLCA 801 2$bGPO 801 2$bOCLCA 801 2$bMERUC 801 2$bOCL 801 2$bOCLCQ 801 2$bGPO 906 $aBOOK 912 $a9910709881703321 996 $aAdditions to the flora of the Green River Formation$93500357 997 $aUNINA